|
|
|
|
| LEADER |
00000nam0a2200000 4500 |
| 001 |
329541 |
| 005 |
20231102004154.0 |
| 035 |
|
|
|a (RuTPU)RU\TPU\book\355301
|
| 090 |
|
|
|a 329541
|
| 100 |
|
|
|a 20170316d1970 km y0rusy50 ca
|
| 101 |
0 |
|
|a rus
|
| 102 |
|
|
|a RU
|
| 105 |
|
|
|a a z 001zy
|
| 200 |
1 |
|
|a Металлические порошки из расплавов
|f Ю. А. Грацианов, Б. Н. Путимцев, А. Ф. Силаев
|
| 210 |
|
|
|a Москва
|c Металлургия
|d 1970
|
| 215 |
|
|
|a 245 с.
|c ил.
|
| 320 |
|
|
|a Библиогр.: с. 240-245
|
| 606 |
1 |
|
|a Металлические порошки
|x Получение
|2 stltpush
|3 (RuTPU)RU\TPU\subj\72734
|9 86138
|
| 610 |
1 |
|
|a расплавы
|
| 610 |
1 |
|
|a металлические жидкости
|
| 610 |
1 |
|
|a распыливание
|
| 610 |
1 |
|
|a газовые потоки
|
| 610 |
1 |
|
|a физико-механические основы
|
| 610 |
1 |
|
|a физико-химические основы
|
| 610 |
1 |
|
|a стали
|
| 610 |
1 |
|
|a железо
|
| 610 |
1 |
|
|a расплавы
|
| 610 |
1 |
|
|a сплавы
|
| 610 |
1 |
|
|a ферромагнитные металлы
|
| 610 |
1 |
|
|a плавильные агрегаты
|
| 610 |
1 |
|
|a распылительные устройства
|
| 610 |
1 |
|
|a применение
|
| 675 |
|
|
|a 621.762.2
|v 4
|
| 700 |
|
1 |
|a Грацианов
|b Ю. А.
|g Юрий Александрович
|
| 701 |
|
1 |
|a Путимцев
|b Б. Н.
|g Борис Николаевич
|
| 701 |
|
1 |
|a Силаев
|b А. Ф.
|g Александр Федорович
|
| 801 |
|
1 |
|a RU
|b 63413507
|c 20170316
|
| 801 |
|
2 |
|a RU
|b 63413507
|c 20170322
|g RCR
|
| 942 |
|
|
|c BK
|